000 01731nam2a2200361 4500
001 RU\NLR\DIGIT\55815
005 20250806203801.0
035 _a(NLR Aleph) 010126673
090 _a42349
_c42349
100 _a20250806 rusy50
101 0 _arus
102 _aRU
135 _acrzn 008aaaup
200 1 _a№ 196(3161)
210 _aХанты-Мансийск
_d28 сентября 1945
215 _a2 с.
300 _aОшибка в валовой нумерации
325 _aStalinskaya_tribuna_1945_N196
325 _aКопия доступна в Электрон. б-ке РНБ http://vivaldi.nlr.ru/pn000007865/view
461 0 _1001RU\NLR\DIGIT\35024
_12001#$aСталинская Трибуна$eОрган Ханты-Мансийского окружкома и Самаровского райкома ВКП(б) и Ханты-Мансийского окрсовета депутатов трудящихся$v№ 196(3161)
_1210##$aХанты-Мансийск$eХанты-Мансийская тип. изд-ва газеты "Сталинская Трибуна"$d1945
702 _aПеревалова
_bК.Н.
_4340
801 2 _aRU
_bNLR
_c20070626
_2rusmarc
852 _aNLR
_jР 2460, С 40147
856 0 _uhttp://vivaldi.nlr.ru/pn000007865/view
856 1 _uhttp://vivaldi.nlr.ru/pn000007865/cover
856 2 _uhttp://vivaldi.nlr.ru/pn000007865/text
942 _cISSNP
945 _aРоссийская национальная библиотека
980 _aNB
980 _aBV
981 3 6 _a(36) Цифровой репозиторий РНБ
981 2 7 _a(27) Периодические издания
_b(27) Газеты